000 00294nam a2200097Ia 4500
008 241105s9999 xx 000 0 und d
041 _aeng
100 _aMundada Medhavi
_9184153
245 _aLandscape Experience And Learning Centre At Kharghar Navi Mumbai
260 _bBNCA M Arch LA, Pune
_c2020
999 _c361994
_d361994